A century of excavation in Palestine /
Main Author:
Format: Book
Language: English
Published:
London :
The Religious tract society,
[1930].
Edition: 2nd ed.
Subjects:
Tags: Add Tag
Call Number: DS111 .M3 1930
| LEADER | 00759nam a2200229Ia 4500 | ||
|---|---|---|---|
| 003 | OSt | ||
| 005 | 20260505131235.0 | ||
| 008 | 130303s1930 enkbef b 000 0 eng d | ||
| 040 | |c ARCE Library | ||
| 043 | |a awab--- |a awjz--- | ||
| 050 | 4 | |a DS111 .M3 1930 | |
| 100 | 1 | |a Macalister, Robert Alexander Stewart, |d 1870-1950, |e author. | |
| 245 | 1 | 2 | |a A century of excavation in Palestine / |c by Robert Alexander Stewart Macalister. |
| 250 | |a 2nd ed. | ||
| 264 | 1 | |a London : |b The Religious tract society, |c [1930]. | |
| 300 | |a 335 pages : |b map, plates, plan ; |c 22 cm | ||
| 504 | |a "A short bibliography": pages 327-328. | ||
| 650 | 0 | |a Excavations (Archaeology) |z Palestine. | |
| 651 | 0 | |a Palestine |x Antiquities. | |
| 901 | |a reviewed | ||
| 942 | |c BK |2 lcc | ||
| 999 | |c 31303 |d 31303 | ||
